Statistics for Baseball Greats by Nickname #2

Click here to take the quiz!

General Stats

  • This quiz has been taken 198 times
  • The average score is 8 of 15

Answer Stats

HintAnswer% Correct
Charlie HustlePete Rose
91%
The Sultan of SwatBabe Ruth
89%
Mr. CubErnie Banks
89%
The Big UnitRandy Johnson
82%
"The Eck" was a great starter AND closerDennis Eckersley
74%
"Ryno" is one of the best 2nd basemen of all timeRyne Sandberg
72%
The HawkAndre Dawson
53%
"Sweet Lou" played Detroit infield with Alan TrammellLou Whitaker
53%
"The Straw Man" was an All-Star for 8 straight yearsDarryl Strawberry
48%
"Rock" played LF & led the NL in stolen bases 4 timesTim Raines
47%
"The Bird" won the ERA title pitching for Detroit in '76Mark Fidrych
45%
"Scooter" was a small man but a giant among shortstopsPhil Rizzuto
42%
"Chicken Man" had a great mustacheWade Boggs
26%
El Gran GatoAndres Galarraga
19%
"The Terminator" closed games for Toronto, Texas, St. LouisTom Henke
15%

Score Distribution

Percentile by Number Answered

Percent of People with Each Score

Your Score History

You have not taken this quiz